Operating system concepts (Record no. 178107)

MARC details
000 -LEADER
fixed length control field 00405nam a2200157Ia 4500
008 - FIXED-LENGTH DATA ELEMENTS--GENERAL INFORMATION
fixed length control field 231217s9999 xx 000 0 und d
020 ## - INTERNATIONAL STANDARD BOOK NUMBER
International Standard Book Number 9971512750
041 ## - LANGUAGE CODE
Language code of text/sound track or separate title English
082 ## - DEWEY DECIMAL CLASSIFICATION NUMBER
Classification number 001.642 SIL;65
100 ## - MAIN ENTRY--PERSONAL NAME
Personal name Silberschatz, Abraham. Galvin, Peter Baer.
245 #0 - TITLE STATEMENT
Title Operating system concepts
250 ## - EDITION STATEMENT
Edition statement 5th ed.
260 ## - PUBLICATION, DISTRIBUTION, ETC.
Date of publication, distribution, etc. 2001
Name of publisher, distributor, etc. John Wiley
Place of publication, distribution, etc. New York
300 ## - PHYSICAL DESCRIPTION
Extent xvii+888
942 ## - ADDED ENTRY ELEMENTS (KOHA)
Koha item type Books
Holdings
Date last seen Total checkouts Full call number Accession number Date last checked out Price effective from Category Lost status Damaged status Department Withdrawn status Home library Current library Shelving location Entry date Vendor Grants Billdate Currency symbol Conversion rate Discount Old discount
24/04/2025 1 001.642 SIL;65 42965 13/01/2025 26/01/2024 Books     Information Science   Central Library Central Library Central Library 08/09/2006 Publisher IS 26/08/2008 RS 1    

© For any Suggestions or Query, please contact the library staff @ librarian@pes.edu or Phone: +9180 2672 1983/ 2108.